000 01396nab a2200229 i 4500
001 190388
003 ES-MaACL
005 20240216063047.0
008 210120s2016 sp a 001 0dspa d
040 _cES-MaACL
245 0 0 _aJosé Echegaray y Eizaguirre (1832-1916).
505 _aJosé Echegaray, ateneísta, pionero del regeneracionismo e ingeniero ferroviario ; Ingenieros de caminos socios o colaboradores del Ateneo de Madrid (1835-1914) / Fernando Sáenz Ridruejo, p. 44-55 . Viaje musical por la vida del polifacético ingeniero José Echegaray y Eizaguirre [pieza dramática breve sobre Echegaray, su estreno tuvo lugar en el Ateneo de Madrid el 14 de septiembre de 2016, dentro de los actos de celebración del Centenario de Echegaray] / Fernando Mínguez Izaguirre, p. 88-93
600 1 4 _aEchegaray, José,
_d1832-1916
_946526
610 2 7 _aAteneo de Madrid-
_xActos culturales-
_y2016
_9170942
700 1 _aSáenz Ridruejo, Fernando.
_9227014
_eaut
700 1 _aMínguez Izaguirre, Fernando.
_9227015
_eaut
710 2 _aColegio de Ingenieros de Caminos, Canales y Puertos
_9139226
773 0 _w(SpMaBN)193434
_0193434
_tRevista de obras públicas,
_dMadrid : Colegio de Ingenieros de Caminos, Canales y Puertos, 2016,
_xISSN 0034-8619,
_gnov., 2016, n. 3581, p. 6-98
_92012
942 _cANAB
_2udc
_n0
999 _c190388
_d190388